000 00239nam a2200097Ia 4500
008 190216s9999||||xx |||||||||||||| ||und||
100 _aBhageerath Misra
245 0 _aHindiachi Hindi Kaise Likham
260 _bPrabhath Prakasan
942 _cBK
999 _c16994
_d16994